Guess the European Language - Statistics

General Stats
  • This quiz has been taken 8,550 times
    7,960 since last reset
  • The average score is 6 of 10
Answer Stats
Language % Correct
La femelle adulte est la brebis et le mâle adulte est le bélier. French
91%
Τα πρόβατα θεωρούνται πολυγαμικά ζώα. Greek
90%
Su altura y peso varían dependiendo de la raza. Spanish
89%
Zo kan de boer nagaan welke ooien gedekt zijn en door welke ram. Dutch
64%
Овцете са сред първите животни, одомашнени от хората. Bulgarian
62%
Den asiatiske urialen kan også være opphav til sauer blant annet merinosauen. Norwegian
56%
Lamba vähenõudlikkus on aidanud kaasa tema laiale levikule. Estonian
54%
Ovce su domaće životinje, grupisane u rod Ovis, unutar porodice Bovidae. Bosnian/Serbian
46%
Večina pasem ovc je bele barve, ker se črna barva deduje recesivno. Slovene
37%
Tās matojums vienmēr cirtojas, ko pieņemts saukt par vilnu. Latvian
36%
No matching quizzes found
Score Distribution
Percent of People with Each Score
Percentile by Number Answered
Your Score History
You have not taken this quiz since the last reset